Statistics for Second Cities of Oceania

Click here to take the quiz!

General Stats

  • This quiz has been taken 38 times
  • The average score is 4 of 14

Answer Stats

CountryLargest City (Metro)Second City (Metro)% Correct
AustraliaSydneyMelbourne
100%
New ZealandAucklandWellington
97%
FijiNasinuSuva
90%
Federated States of MicronesiaWenoPalikir
58%
Papua New GuineaPort MoresbyLae
29%
VanuatuPort VilaLuganville
13%
TuvaluFunafutiAsau
6%
PalauKororAirai
3%
KiribatiBetioBairiki
3%
NauruYarenDenigomudu
3%
Solomon IslandsHoniaraGizo
3%
TongaNukuʻalofaNeiafu
3%
Marshall IslandsEbeyeRita
3%
SamoaApiaVaitele
3%

Score Distribution

Percentile by Number Answered

Percent of People with Each Score

Your Score History

You have not taken this quiz